| 000 | 00573nam a2200193Ia 4500 | ||
|---|---|---|---|
| 005 | 20250326142639.0 | ||
| 008 | 250326s9999 xx 000 0 und d | ||
| 037 | _aTextbook | ||
| 040 |
_aFMSL _beng _cFMSL |
||
| 041 |
_aeng _2eng |
||
| 084 | _qFMSL | ||
| 100 | _aIndia (govt. Of..........) | ||
| 245 | 0 |
_aReport joint committee to enquire into arregularities in securities and banking . _cIndia (govt. Of..........) |
|
| 260 |
_aNew Delhi _bNew Delhi, Lok Sabha Secretarity _c1993 |
||
| 300 | _a355p | ||
| 490 | _vI | ||
| 942 | _cTB | ||
| 999 |
_c1295997 _d1295997 |
||